De los libros a las ocho horas: la transición de la educación al trabajo en el Uruguay (1990-2008) /
Сохранить в:
| Главный автор: | |
|---|---|
| Другие авторы: | , |
| Формат: | Текст |
| Метки: |
Добавить метку
Нет меток, Требуется 1-ая метка записи!
|
MARC
| LEADER | 00000 a a2200000 04500 | ||
|---|---|---|---|
| 001 | 46528 | ||
| 003 | |||
| 040 | |||
| 100 | |a Pardo, Ignacio | ||
| 245 | |a De los libros a las ocho horas: |b la transición de la educación al trabajo en el Uruguay (1990-2008) / |c Ignacio Pardo, Andrés Peri, Mario Real | ||
| 590 | |a DISEMINAR072014 | ||
| 700 | |a Peri, Andrés | ||
| 700 | |a Real, Mario | ||
| 773 | |g volumen40, número96 ( , 2013), páginas 105-135 : tabla, gráficos | ||
| 999 | |c 38206 |d 38206 | ||
